Наука геология как синтез философского и геологического знания; Актуальные проблемы гуманитарных наук

التفاصيل البيبلوغرافية
Parent link:Актуальные проблемы гуманитарных наук.— 2013.— [С. 372-373]
المؤلف الرئيسي: Берко В. Ю.
الملخص:Заглавие с экрана
اللغة:الروسية
منشور في: 2013
سلاسل:Философия науки и образования
الموضوعات:
الوصول للمادة أونلاين:http://www.lib.tpu.ru/fulltext/c/2013/C20/183.pdf
التنسيق: MixedMaterials الكتروني فصل الكتاب
KOHA link:https://koha.lib.tpu.ru/cgi-bin/koha/opac-detail.pl?biblionumber=240898

MARC

LEADER 00000naa2a2200000 4500
001 240898
005 20251209142556.0
035 |a (RuTPU)RU\TPU\book\262159 
035 |a RU\TPU\book\262158 
090 |a 240898 
100 |a 20130627d2013 k y0rusy50 ca 
101 0 |a rus 
102 |a RU 
135 |a drcn ---uucaa 
181 0 |a i  
182 0 |a b 
200 1 |a Наука геология как синтез философского и геологического знания  |f В. Ю. Берко 
203 |a Текст  |c электронный 
215 |a 1 файл(292 Кб) 
225 1 |a Философия науки и образования 
300 |a Заглавие с экрана 
320 |a [Библиогр.: с. 373 (5 назв.)] 
337 |a Adobe Reader 
463 1 |0 (RuTPU)RU\TPU\book\259431  |t Актуальные проблемы гуманитарных наук  |o сборник научных трудов ХII Международной научно-практической конференции студентов, аспирантов и молодых ученых 3-6 апреля 2013 г., г. Томск  |f Национальный исследовательский Томский политехнический университет (ТПУ)  |v [С. 372-373]  |d 2013 
610 1 |a электронный ресурс 
610 1 |a труды учёных ТПУ 
610 1 |a геология 
610 1 |a философский смысл 
610 1 |a наука 
700 1 |a Берко  |b В. Ю. 
801 1 |a RU  |b 63413507  |c 20101016 
801 2 |a RU  |b 63413507  |c 20130627  |g RCR 
856 4 |u http://www.lib.tpu.ru/fulltext/c/2013/C20/183.pdf 
942 |c CF